Quiz o Tonga - Statystyki

Ogólne statystyki
  • Ten quiz został rozwiązany 653 razy
  • Średni wynik to 9 z 15
Statystyki odpowiedzi
Wskazówka Odpowiedź % Poprawnych
Języki urzędowe angielski
96%
Języki urzędowe tonga
85%
Państwo, które kontrolowało sprawy zagraniczne Tonga, ale nigdy nie miało prawnej kontroli nad suwerennością Tonga,w latach 1900–1970 Wielka Brytania
82%
Państwa położone geograficznie najbliżej Tonga Fidżi
80%
Państwa położone geograficznie najbliżej Tonga Samoa
79%
Obiekt, który pojawia się na fladze Tonga Krzyż
72%
Podregion Oceanii, do którego należy Tonga Polinezja
68%
Stolica Tonga Nuku'alofa
66%
Forma rządu Tonga Monarchia {konstytucyjna}
62%
Sport narodowy Rugby union
57%
Holenderski odkrywca, który jako pierwszy Europejczyk odwiedził główną wyspę Tonga w 1643 roku Abel Tasman
43%
18% Tongańczyków należy do tego wyznania religijnego z siedzibą w USA Mormonizm
36%
Rodzaj zwierzęcia, znany również jako latający lis, który jest poświęcony królowi Tonga Nietoperzrudawkowaty
31%
Największa wyspa Tongatapu
28%
Pseudonim Tonga, nadany przez kapitana Jamesa Cooka Wyspy {przyjazne}
25%
Nie znaleziono quizów pasujących do podanych kryteriów
Rozkład punktacji
Procent ludzi z każdym wynikiem
Percentyl według liczby udzielonych odpowiedzi
Twoja historia wyników
Nie rozwiązałeś tego quizu